Lengua Madre

Bibliographic Details
Main Author: Ramírez Fajardo, Cesar A.
Format: Section = Libro
Language:Undetermined
Spanish
Published: Colombia Hispamer 1998
Subjects:
LEADER 00403nam a2200169Ia 4500
008 240830s9999 xx 000 0 und d
040 |a B-ESTELÍ- RUACS / 465 R173 
041 |a spa 
082 |a 465 R173 
100 1 |a Ramírez Fajardo, Cesar A. 
245 1 0 |a Lengua Madre 
260 |a Colombia  |b Hispamer  |c 1998 
300 |a 201 p. 
650 7 |a LENGUA MADRE 
942 |c BK  |2 ddc 
991 |a TEXTO 
999 |c 10880